| 000 | 01042cam a2200253 4500 | ||
|---|---|---|---|
| 001 | sa 68017536 | ||
| 003 | DLC | ||
| 005 | 20260227112703.0 | ||
| 008 | 710315s1968 ii b 00110 eng | ||
| 010 | _asa 68017536 //r89 | ||
| 025 | _aPL480:I-E-10852 | ||
| 043 | _aa-ii--- | ||
| 050 | 0 |
_aBL1245.S5 _bM86 |
|
| 100 | 2 | 0 |
_aMurugesa Mudaliar, N., _d1905- |
| 245 | 1 | 4 |
_aThe relevance of Saiva siddhanta philosophy, _bbeing lectures delivered at the Banaras Hindu University and the Allahabad University, _cby N. Murugesa Mudaliar. With a foreword by T. M. P. Mahadevan. |
| 260 | 0 |
_aAnnamalainagar, _bAnnamalai University, _c1968. |
|
| 300 |
_ax, 241 p. _c22 cm. |
||
| 350 | _aRs6.66 | ||
| 490 | 1 | _aSri-la-Sri Arulnaṇdi Sivācārya Swamigal's Sivajñāna Siddhiyār Endowment lectures, 1962-63 | |
| 504 | _aIncludes bibliographical references. | ||
| 650 | 0 | _aŚaiva Siddhānta. | |
| 650 | 0 | _aPhilosophy, Indic. | |
| 810 | 2 |
_aAnnamalai University. _tSrila-Sri Arulnandi Sivacharya Swamigal Sivagnana Siddhiyar endowment lectures, _v1962-63 |
|
| 999 |
_c87781 _d87781 |
||